000 00412nam a2200145Ia 4500
008 100122s9999 xx 000 0 und d
082 _b11147
_a823
100 _aफडके ना सी
245 _aकठपुतली
260 _bग.पां.परचुरे प्रकाशन
_c1961
300 _a247
630 _aकठपुतली
730 _aकठपुतली
942 _cBOOK
999 _c402569
_d402566